Documentos de la Conferencia Episcopal Española, 1965-1983 / (Record no. 171944)

MARC details
000 -LEADER
campo de control de longitud fija 00878nam a2200241 i 4500
001 - NÚMERO DE CONTROL
campo de control 171944
003 - IDENTIFICADOR DE NÚMERO DE CONTROL
campo de control ES-MaACL
005 - FECHA Y HORA DE LA ÚLTIMA TRANSACCIÓN
campo de control 20250830013256.0
008 - DATOS DE LONGITUD FIJA--INFORMACIÓN GENERAL
campo de control de longitud fija 090609s1984 sp |||| | spa d
017 ## - NÚMERO DE COPYRIGHT O DE DEPÓSITO LEGAL
Número de copyright o de depósito legal M 38478-1984
020 ## - NÚMERO INTERNACIONAL ESTÁNDAR DEL LIBRO
Número Internacional Estándar del Libro 84-220-1165-4
110 2# - ENTRADA PRINCIPAL--NOMBRE DE ENTIDAD CORPORATIVA
Nombre de entidad corporativa o nombre de jurisdicción como elemento de entrada Conferencia Episcopal Española
9 (RLIN) 3172
245 10 - MENCIÓN DEL TÍTULO
Título Documentos de la Conferencia Episcopal Española, 1965-1983 /
Mención de responsabilidad, etc. edición preparada por Jesús Iribarren ; prólogo por Gabino Díaz Merchán.
260 ## - PUBLICACIÓN, DISTRIBUCIÓN, ETC.
Lugar de publicación, distribución, etc. Madrid :
Nombre del editor, distribuidor, etc. La Editorial Católica,
Fecha de publicación, distribución, etc. 1984.
300 ## - DESCRIPCIÓN FÍSICA
Extensión XVI, 813 p., 1 h. ;
Dimensiones 20 cm.
490 1# - MENCIÓN DE SERIE
Mención de serie Biblioteca de autores cristianos ;
Designación de volumen o secuencia 459
500 ## - NOTA GENERAL
Nota general Índices.
700 0# - ENTRADA AGREGADA--NOMBRE PERSONAL
Nombre de persona Iribarren, Jesús.
9 (RLIN) 65453
700 1# - ENTRADA AGREGADA--NOMBRE PERSONAL
Nombre de persona Díaz Merchán, Gabino,
Fechas asociadas al nombre 1926-
9 (RLIN) 140563
830 00 - PUNTO DE ACCESO ADICIONAL DE SERIE-TÍTULO UNIFORME
Título uniforme Biblioteca de autores cristianos
Designación de volumen o secuencia 459
9 (RLIN) 178679
852 ## - LOCALIZACIÓN
Ubicación ES-MaACL
Número de control de estantería J-448
itemnumber R.46092
Holdings
Estatus retirado Estado de pérdida Estado de daño No para préstamo Biblioteca de origen Biblioteca actual Ubicación en estantería Fecha de adquisición Fuente de adquisición Total de préstamos Signatura topográfica completa Código de barras Visto por última vez Precio de reemplazo Tipo de ítem Koha
        Biblioteca del Ateneo de Madrid Biblioteca del Ateneo de Madrid Depósito 2 09/06/2009     J-448 1180449 23/02/2023 23/02/2023 Libro impreso